Personnages de fiction aveugles - Statistiques

Statistiques générales
  • Ce quiz a été pris 12 fois
  • Le résultat moyen est 5 sur 22
Statistiques - réponses
Aveugle de fiction Univers % Correct
Daredevil Marvel
73%
Fujitora One Piece
73%
3 Souris blanches Shrek
64%
Paul Atréides Dune
45%
Komugi Hunter X Hunter
45%
Kaname Tôsen Bleach
36%
Nunnally Lamperouge Code Geass
27%
Mestre Aemon Game of Thrones
27%
Illidan Hurlorage World of Warcraft
27%
Toph Beifong Avatar, le dernier maître de l'air
18%
Gyomei Himejima Demon Slayer
18%
Yamada Asaemon Shion Hell's Paradise
9%
Mama Odie La Princesse et la Grenouille
9%
Michel Strogoff Michel Strogoff
9%
Daniel Maleski Anatomie d'une chute
0%
N'Doul Jojo's BIzarre Adventure
0%
Uonuma Usui Kenskin le vagabaond
0%
Ryo Shimazaki Mob Psycho 100
0%
Tirésias Mythologie grecque
0%
Chirrut Îmwe Rogue One: A Star Wars Story
0%
Geordi La Forge Star Trek
0%
Zatoichi Zatoichi
0%
Aucun quiz correspondant
Distribution des résultats
% des personnes avec chaque résultat
Percentile par nombre de réponses
Votre historique - résultats
Vous n’avez pas pris ce quiz